Регионална библиотека "Любен Каравелов" - Русе

ДЕННИЦА (Запис номер 291903)

MARC детайли
000 -Лидер
Контролно поле с фиксирана дължина 01378nas a2200349 c 4500
001 - Контролен номер на записа
Контролно поле 291903
003 - Код на организацията, давaща контролен номер
Контролно поле BLK
005 - Дата и час на последна редакция
Контролно поле 20240215133204.0
008 - Елементи от данни с фиксирана дължина
fixed length control field 180413b bul raner|||| |0| c1bulo|
010 ## - Наследен системен номер
LC control number PRD00003366000
022 ## - Международен стандартен номер на серия ISSN
Международният стандартен номер на серията ISSN C607-3271
040 ## - Източник на каталожния запис
Идентификатор на билиотеката - собственик на записа BLK
041 ## - Код за език
Код за езика на текст/звукозапис или на отделно заглавие Български
Код за езика КДБФ Български
080 ## - УДК
Текстов определител УДК Българска литература
УДК код - определител по УДК 821.163.2
УДК определител -94(497.21)
УДК - код + определител 821.163.2-94(497.21)
110 1# - Редна дума - колетивен орган
Редна дума - наименование на организация или юридическо лице Йордан Палежев, К.Терзиев
Авторска отговорност (Описва отношението между автора и произведението) Ред. кол.: Йордан Палежев, К.Терзиев
9 (RLIN) 358323
245 10 - Сведения за заглавието
Заглавие ДЕННИЦА
Подзаглавни данни Вестник за нар. живот и култура, за история, религия и лит.
Редно поле (дума) Йордан Палежев, К.Терзиев ; Ред. кол.: Йордан Палежев, К.Терзиев
Дата на създаване на произведението Начална год. на издаване: Год. 1, № 1(1993),
257 ## - Страна на издаване
Страна на създаване/издаване България
260 ## - Област на издателските данни
Име на издателя, разпространителя и проч. Йордан Палежев : Константин Терзиев
Година на издаване 1993
Печатница Дунав-прес АД
300 ## - Физическа характеристика
Размери/Мащаб 50 см
310 ## - Текуща периодчност на изданието
Срок за съхранение срок за съхранение: 99
380 ## - Жанр
Жанр Худож. лит.
852 ## - Местоположение
Форматна сигнатура В 854
852 ## - Местоположение
Форматна сигнатура К 0/Д 41
856 ## - Електронен адрес и достъп
Електронен формат pdf - файл
Път до файла /url/
856 ## - Електронен адрес и достъп
Електронен формат pdf - файл
Път до файла /url/
942 ## - АРТИКУЛИ
Вид на библиотечния материал Вестници
Скрит в OPAC Не
Периодичен библиозапис Да
Koha issues (borrowed), all copies 4
944 ## - СЪЗДАВАНЕ И РЕДАКЦИЯ на ЗАПИСА
Създаване/Редакция Създаване
Дата на регистрацията/редакция Мария_Кръстева
Служител, извършил регистрацията/редакцията 30545
Статус, дата на статуса Нора Радева
944 ## - СЪЗДАВАНЕ И РЕДАКЦИЯ на ЗАПИСА
Създаване/Редакция Редакция
Служител, извършил регистрацията/редакцията 05.11.2013
999 ## - СИСТЕМНИ КОНТРОЛНИ НОМЕРА
Koha biblionumber 291903
Koha biblioitemnumber 291903
999 ## - СИСТЕМНИ КОНТРОЛНИ НОМЕРА
Koha biblioitemnumber 291903
999 ## - СИСТЕМНИ КОНТРОЛНИ НОМЕРА
Koha biblioitemnumber 291903
999 ## - СИСТЕМНИ КОНТРОЛНИ НОМЕРА
Koha biblioitemnumber 291903
Наличности
Код за отписване Код за изгубен артикул Източник на класификационната схема Код за повреда Коз за рестрикции Код за отдаване Артикулен № Име на библиотеката - собственик Име на библиотеката, в която се намира в момента Статус (Текущо местоположение) Дата на вписване в системата Местоположение - отдел Цена в лева Номерация (Хронология) Инвентарен номер Систематично азбучна сигнатура Баркод Номер на екземпляра Цена в евро Служебна бележка Служебен тип на артикула Бележка за публиката
  Не е изгубен Universal Decimal Classification Не е повреден без рестрикции ползва се в читалня 577362 Регионална библиотека "Любен Каравелов" Русе Регионална библиотека "Любен Каравелов" Русе Хранилище 1993-01-01 Хранилище 0.00 Обхват на том: Пр.бр.,1-5 598329 В 854 130000598329 1 0.00 Дост: Dp, Вид: Д, N: стар фонд, Дата инв: 03.06.2014, Бележки инв: Цб2014 Вестници Год. на изд.: 1993
  Не е изгубен Universal Decimal Classification Не е повреден без рестрикции ползва се в читалня 577363 Регионална библиотека "Любен Каравелов" Русе Регионална библиотека "Любен Каравелов" Русе Краезнание 2011-04-01 Краезнание 15.00 Обхват на том: Пр.бр.,1-5 130000717741 В 854 130000717741 2 7.67 Дост: DA, N: стар фонд, Дата инв: 10.11.2014, Бележки инв: Цб2014 Вестници Год. на изд.: 1993
Vip Innovations Ltd, Rousse, Bulgaria 2025